Environmental management for hotels : a student's handbook /
Environmental management for hotels; Environmental system-policy, strategy, & implementation; Assessment; Management of water, energy, waste, indoor environment.
Αποθηκεύτηκε σε:
| Κύριος συγγραφέας: | |
|---|---|
| Μορφή: | Βιβλίο |
| Γλώσσα: | English |
| Έκδοση: |
Oxford ; Boston :
Butterworth-Heinemann,
1996.
|
| Θέματα: | |
| Ετικέτες: |
Προσθήκη ετικέτας
Δεν υπάρχουν, Καταχωρήστε ετικέτα πρώτοι!
|
| Thư viện lưu trữ: | Mạng thư viện Đại học Đà Nẵng |
|---|
| LEADER | 01203cam a2200361 i 4500 | ||
|---|---|---|---|
| 001 | 000046267 | ||
| 003 | 5726 | ||
| 005 | 20030326110600.0 | ||
| 008 | 010313|1996 vm 000 eng | ||
| 020 | |a 0750623802 (pbk) | ||
| 040 | |a IRC |c IRC |d IRC | ||
| 041 | 0 | |a eng | |
| 082 | 1 | 4 | |a 647.940684 |b KI-D |
| 100 | 1 | |a Kirk, D. |q (David), |d 1945- | |
| 245 | 0 | 0 | |a Environmental management for hotels : |b a student's handbook / |c D. (David) Kirk. |
| 260 | |a Oxford ; Boston : |b Butterworth-Heinemann, |c 1996. | ||
| 300 | |a viii, 131p. : |b ill. | ||
| 520 | 3 | |a Environmental management for hotels; Environmental system-policy, strategy, & implementation; Assessment; Management of water, energy, waste, indoor environment. | |
| 630 | 0 | 4 | |a Hotels. |
| 630 | 0 | 4 | |a Hotel management. |
| 650 | 0 | 4 | |a Hotel management |v Handbooks, manuals, etc. |
| 650 | 0 | 4 | |a Hotels |x Environmental aspects |v Handbooks, manuals, etc. |
| 650 | 0 | 4 | |a Environmental aspects |v Handbooks, manuals, etc. |
| OWN | |a DUT | ||
| 999 | |a From the UDN01 | ||
| TYP | |a Monograph | ||
| TYP | |a Printed language | ||
| 980 | |a Mạng thư viện Đại học Đà Nẵng | ||


